[Event "17. Open de la Constitución 2015"]
[Site "San Sebastian de los Reyes ES"]
[Date "2015.12.01"]
[Round "2.5"]
[White "Lozano Suarez, Luis Miguel"]
[Black "Camarero Izquierdo, Juan Carlos"]
[Result "1-0"]
[WhiteElo "2136"]
[BlackElo "1825"]
[PlyCount "81"]
[EventDate "2015.11.30"]
[EventType "swiss"]
[EventRounds "9"]
[EventCountry "ESP"]
[Source "lmi"]
[SourceDate "2015.11.30"]

1. c4 e5 2. g3 Bc5 3. Bg2 Nc6 4. Nc3 f5 5. e3 Nf6 6. Nge2 e4 7. d3 Qe7 8. O-O
O-O 9. dxe4 fxe4 10. Nxe4 Nxe4 11. Qd5+ Kh8 12. Qxe4 Qf6 13. Nf4 d6 14. Nd5 Qf7
15. Qf4 Qe8 16. Qh4 Bf5 17. Nxc7 Qf7 18. Nxa8 Bd3 19. Bd5 Qf5 20. g4 Qg6 21.
Bd2 Bxf1 22. Rxf1 Rxa8 23. Bc3 Re8 24. Qg3 Qd3 25. Qf4 Nd8 26. Qg5 Qg6 27. Qxg6
hxg6 28. a4 a5 29. Bxa5 Nc6 30. Bc3 Ra8 31. b3 Ne7 32. Be4 Kg8 33. b4 Rxa4 34.
bxc5 Rxc4 35. cxd6 Rxe4 36. dxe7 Rxg4+ 37. Kh1 Kf7 38. Bxg7 Kxe7 39. Rb1 Ke6
40. Rxb7 Kf5 41. Rb5+ 1-0

[Event "17. Open de la Constitución 2015"]
[Site "San Sebastian de los Reyes ES"]
[Date "2015.12.01"]
[Round "2.6"]
[White "Alvarez Gonzalez, Eduardo"]
[Black "Alvarez Abejon, Amilcar"]
[Result "0-1"]
[WhiteElo "1779"]
[BlackElo "2055"]
[PlyCount "82"]
[EventDate "2015.11.30"]
[EventType "swiss"]
[EventRounds "9"]
[EventCountry "ESP"]
[Source "lmi"]
[SourceDate "2015.11.30"]

1. d4 e6 2. Nf3 f5 3. g3 Nf6 4. c4 d5 5. b3 c6 6. Bg2 Bd6 7. O-O Qe7 8. Bb2 O-O
9. e3 b6 10. Qc1 Bb7 11. Ba3 Bxa3 12. Nxa3 Nbd7 13. Qb2 Ne4 14. Rac1 c5 15.
cxd5 Bxd5 16. Nb5 Ndf6 17. Rfd1 Qb7 18. Ne5 a6 19. Na3 Ng4 20. Rc2 Ng5 21. Bxd5
Qxd5 22. Re1 Nxe5 23. dxe5 Nf3+ 24. Kf1 Nxe1 25. Kxe1 Rfd8 26. Rd2 Qxd2+ 27.
Qxd2 Rxd2 28. Kxd2 b5 29. f4 Kf7 30. h3 Ke7 31. Nb1 Kd7 32. Kc3 Kc6 33. Nd2 Rd8
34. Kc2 Rxd2+ 35. Kxd2 Kd5 36. Kd3 h5 37. a4 g6 38. h4 c4+ 39. bxc4+ bxc4+ 40.
Kc3 Kc5 41. Kc2 Kb4 0-1

[Event "17. Open de la Constitución 2015"]
[Site "San Sebastian de los Reyes ES"]
[Date "2015.12.01"]
[Round "2.7"]
[White "Lopez de Turiso, Jose Angel"]
[Black "Anton Quevedo, Andrea"]
[Result "1-0"]
[WhiteElo "2034"]
[BlackElo "1810"]
[PlyCount "69"]
[EventDate "2015.11.30"]
[EventType "swiss"]
[EventRounds "9"]
[EventCountry "ESP"]
[Source "lmi"]
[SourceDate "2015.11.30"]

1. e4 Nf6 2. d3 Nc6 3. f4 e5 4. fxe5 Nxe5 5. d4 Nc6 6. e5 Nd5 7. Nf3 d6 8. c4
Nb6 9. exd6 cxd6 10. Be2 Bg4 11. O-O Be7 12. Nc3 O-O 13. Be3 Re8 14. Kh1 Bf6
15. Bg1 d5 16. c5 Nc4 17. Qc1 Be6 18. b3 N4a5 19. Qf4 Ne7 20. Nb5 Ng6 21. Qg3
Bd7 22. Bd3 Bxb5 23. Bxb5 Nc6 24. Rae1 Re7 25. Rxe7 Ngxe7 26. Qf4 Qa5 27. a4 a6
28. Bxc6 Nxc6 29. Ne5 Rd8 30. Ng4 Be7 31. Qxf7+ Kh8 32. Ne5 Bf6 33. Nxc6 bxc6
34. b4 Qxa4 35. Rxf6 1-0

[Event "17. Open de la Constitución 2015"]
[Site "San Sebastian de los Reyes ES"]
[Date "2015.12.01"]
[Round "2.8"]
[White "Cabanas Bravo, Juan Andres"]
[Black "Marin Aso, Jose Luis"]
[Result "0-1"]
[WhiteElo "2012"]
[BlackElo "1775"]
[PlyCount "92"]
[EventDate "2015.11.30"]
[EventType "swiss"]
[EventRounds "9"]
[EventCountry "ESP"]
[Source "lmi"]
[SourceDate "2015.11.30"]

1. e4 c5 2. Nf3 e6 3. d4 cxd4 4. Nxd4 Nc6 5. Nc3 a6 6. Be3 Nge7 7. Nb3 b5 8. f4
Ng6 9. Qd2 d6 10. O-O-O Be7 11. g3 Bb7 12. Bg2 Na5 13. Nxa5 Qxa5 14. e5 d5 15.
Qf2 Qc7 16. h4 Bb4 17. Rd3 Rc8 18. Bb6 Bc5 19. Bxc7 Bxf2 20. Ba5 Bc5 21. a4 Bc6
22. axb5 axb5 23. b4 Ba7 24. Rhd1 O-O 25. Nb1 Bd7 26. Kb2 Ne7 27. Bf1 Nf5 28.
Bh3 Ne3 29. Rc1 d4 30. Nd2 Bc6 31. Re1 Bd5 32. Rc1 Rc6 33. Nb3 Rfc8 34. Nxd4
Bxd4+ 35. Rxd4 Rxc2+ 36. Rxc2 Rxc2+ 37. Kb1 Rh2 38. Rxd5 Nxd5 39. Bg4 Rg2 40.
Kc1 Rxg3 41. Be2 Nc3 42. Kd2 Nxe2 43. Kxe2 Rb3 44. Kf2 h5 45. Kg2 Kh7 46. Kf2
Kg6 0-1

[Event "17. Open de la Constitución 2015"]
[Site "San Sebastian de los Reyes ES"]
[Date "2015.12.01"]
[Round "2.9"]
[White "Sirera Ripoll, Jose Luis"]
[Black "Marcos Herrero, Francisco"]
[Result "1-0"]
[WhiteElo "1769"]
[BlackElo "1992"]
[PlyCount "49"]
[EventDate "2015.11.30"]
[EventType "swiss"]
[EventRounds "9"]
[EventCountry "ESP"]
[Source "lmi"]
[SourceDate "2015.11.30"]

1. e4 c5 2. Nc3 g6 3. f4 Bg7 4. Nf3 Nc6 5. Bc4 e6 6. f5 Nge7 7. fxe6 fxe6 8. d3
O-O 9. O-O Na5 10. Qe1 Nxc4 11. dxc4 Nc6 12. Bg5 Qa5 13. Qh4 Nd4 14. Nxd4 cxd4
15. Rxf8+ Bxf8 16. Rf1 dxc3 17. Rxf8+ Kxf8 18. Be7+ Ke8 19. Bd6 Qd8 20. Qf4
Qb6+ 21. c5 Qxd6 22. cxd6 cxb2 23. Qf1 b6 24. h3 Bb7 25. Kh2 1-0

[Event "17. Open de la Constitución 2015"]
[Site "San Sebastian de los Reyes ES"]
[Date "2015.12.01"]
[Round "2.10"]
[White "Largo Barbero, Benito"]
[Black "Perez Gonzalez, Jesus Miguel"]
[Result "1-0"]
[WhiteElo "1954"]
[BlackElo "1731"]
[PlyCount "59"]
[EventDate "2015.11.30"]
[EventType "swiss"]
[EventRounds "9"]
[EventCountry "ESP"]
[Source "lmi"]
[SourceDate "2015.11.30"]

1. d4 Nf6 2. Bf4 g6 3. Nf3 Bg7 4. Nbd2 d5 5. h3 O-O 6. e3 Bf5 7. Nh4 Bd7 8. Be2
Nc6 9. c3 Ne4 10. Nhf3 f5 11. Qb3 Bc8 12. c4 e6 13. Rc1 Nxd2 14. Nxd2 g5 15.
Bh2 f4 16. O-O a5 17. a3 a4 18. Qc2 Ra5 19. Nf3 h5 20. Qg6 dxc4 21. Bxc4 Rf6
22. Qe4 g4 23. Ne5 g3 24. fxg3 fxg3 25. Bxg3 Rxf1+ 26. Rxf1 Nxe5 27. Bxe5 Bxe5
28. dxe5 Qg5 29. Rf5 Qg6 30. Rf8+ 1-0

[Event "17. Open de la Constitución 2015"]
[Site "San Sebastian de los Reyes ES"]
[Date "2015.12.01"]
[Round "2.11"]
[White "Galan Aguado, Fernando"]
[Black "Sacristan Virseda, Fernando"]
[Result "1/2-1/2"]
[WhiteElo "1720"]
[BlackElo "1951"]
[PlyCount "132"]
[EventDate "2015.11.30"]
[EventType "swiss"]
[EventRounds "9"]
[EventCountry "ESP"]
[Source "lmi"]
[SourceDate "2015.11.30"]

1. d4 Nf6 2. Nf3 g6 3. Bf4 Bg7 4. e3 O-O 5. Be2 c5 6. O-O cxd4 7. exd4 d5 8. h3
Nc6 9. c3 a6 10. a4 Bf5 11. Nbd2 Ne4 12. Nb3 Rc8 13. Nh4 Bd7 14. Nf3 Na5 15.
Ne5 Bc6 16. f3 Nd6 17. Nc5 Bxe5 18. dxe5 Nf5 19. g4 Qb6 20. b4 Ng7 21. Qd4 Nc4
22. Bh6 Qc7 23. f4 Rfd8 24. Bxg7 Kxg7 25. e6+ f6 26. g5 Ra8 27. Bg4 h5 28.
gxf6+ exf6 29. e7 Qxe7 30. Rae1 Qf7 31. Ne6+ Kh7 32. Nxd8 Rxd8 33. Be6 Qc7 34.
Qxf6 Nd2 35. Bf7 Rd6 36. Bxg6+ Kg8 37. Bf7+ Kh7 38. Qf5+ Kg7 39. Bxh5 Nxf1 40.
Qg5+ Kf8 41. Re5 Ng3 42. Qxg3 Qb6+ 43. Kh2 Bxa4 44. Qe3 Qxe3 45. Rxe3 d4 46.
Rd3 Rh6 47. Bg4 dxc3 48. Rxc3 Rb6 49. Rc4 Bb3 50. Rd4 Ba4 51. Kg3 Bc6 52. h4
Rb5 53. h5 Kg7 54. Kh4 a5 55. bxa5 Rxa5 56. Rb4 Rc5 57. Rb6 Kh6 58. Bf3 Rc4 59.
Kg4 Rc5 60. Be4 Kg7 61. Bxc6 bxc6 62. f5 Rc1 63. Rb7+ Kf6 64. Rc7 Rg1+ 65. Kf4
Rf1+ 66. Kg4 Rg1+ 1/2-1/2

[Event "17. Open de la Constitución 2015"]
[Site "San Sebastian de los Reyes ES"]
[Date "2015.12.01"]
[Round "2.12"]
[White "Vukotic Jovsic, Dragan"]
[Black "Tronch Ilzarbe, Carlos Maria"]
[Result "1-0"]
[WhiteElo "1943"]
[BlackElo "1722"]
[PlyCount "77"]
[EventDate "2015.11.30"]
[EventType "swiss"]
[EventRounds "9"]
[EventCountry "ESP"]
[Source "lmi"]
[SourceDate "2015.11.30"]

1. d4 Nf6 2. Nf3 e6 3. Bf4 d5 4. e3 Be7 5. Bd3 b6 6. Ne5 Bb7 7. Nd2 a6 8. O-O
O-O 9. Qf3 c5 10. c3 cxd4 11. exd4 Nfd7 12. Qh3 f5 13. g4 Nxe5 14. Bxe5 Nd7 15.
Rae1 Nxe5 16. Rxe5 Bd6 17. Rxe6 Bc8 18. Re2 Qg5 19. f3 Bd7 20. Kh1 Rf6 21. gxf5
Bxf5 22. Bxf5 Rxf5 23. Rg1 Qf6 24. Qg4 g6 25. c4 Bf4 26. cxd5 Bxd2 27. Rxd2
Rxd5 28. Re1 Rf5 29. Qe4 Rd8 30. Qe6+ Kg7 31. Qe7+ Qxe7 32. Rxe7+ Kf6 33. Rxh7
Rxf3 34. d5 Rd6 35. Rc7 Rf5 36. Rc6 Ke5 37. Kg2 Rff6 38. Rc8 Rxd5 39. Re8+ 1-0

[Event "17. Open de la Constitución 2015"]
[Site "San Sebastian de los Reyes ES"]
[Date "2015.12.01"]
[Round "2.13"]
[White "Villodre Miranda, Juan Alonso"]
[Black "Perez Cameselle, Francisco"]
[Result "0-1"]
[WhiteElo "1660"]
[BlackElo "1904"]
[PlyCount "140"]
[EventDate "2015.11.30"]
[EventType "swiss"]
[EventRounds "9"]
[EventCountry "ESP"]
[Source "lmi"]
[SourceDate "2015.11.30"]

1. c4 Nf6 2. Nc3 e6 3. d4 Bb4 4. Bg5 h6 5. Bxf6 Bxc3+ 6. bxc3 Qxf6 7. e3 c5 8.
f4 Nc6 9. g3 O-O 10. Bg2 d6 11. Ne2 Rb8 12. O-O Na5 13. Qd3 b6 14. d5 e5 15.
fxe5 Qxe5 16. Rf4 g5 17. Rf2 Ba6 18. e4 Bxc4 19. Qf3 Bxe2 20. Rxe2 Rbe8 21. Rf2
Qg7 22. Raf1 Nc4 23. Qf6 Ne3 24. Qxg7+ Kxg7 25. Re1 Nxg2 26. Kxg2 f5 27. Rfe2
f4 28. Kf3 fxg3+ 29. Kxg3 Re5 30. a4 Rf4 31. h3 Kf6 32. Rf2 Rxf2 33. Kxf2 Re7
34. Ke3 Kg6 35. a5 bxa5 36. Ra1 Kh5 37. Rxa5 Kh4 38. Ra1 h5 39. Rf1 Kxh3 40.
Rh1+ Kg4 41. Rg1+ Kh4 42. Rh1+ Kg3 43. Rg1+ Kh2 44. Rxg5 h4 45. Rg6 Rd7 46. Kf4
a5 47. e5 dxe5+ 48. Kxe5 Re7+ 49. Kd6 Ra7 50. Kxc5 a4 51. Re6 a3 52. Re2+ Kg1
53. Ra2 h3 54. Kc6 h2 55. Ra1+ Kg2 56. d6 h1=Q 57. Rxh1 Kxh1 58. d7 Rxd7 59.
Kxd7 a2 60. c4 a1=Q 61. c5 Qa7+ 62. Kd6 Qb8+ 63. Kd7 Qb7+ 64. Kd6 Kg2 65. c6
Qc8 66. c7 Kf3 67. Kc6 Ke4 68. Kd6 Kd4 69. Kc6 Ke5 70. Kb6 Kd6 0-1

[Event "17. Open de la Constitución 2015"]
[Site "San Sebastian de los Reyes ES"]
[Date "2015.12.01"]
[Round "2.14"]
[White "Hernandez Ramos, David"]
[Black "Reyes Penas, Sebastian"]
[Result "1-0"]
[WhiteElo "1886"]
[BlackElo "1684"]
[PlyCount "71"]
[EventDate "2015.11.30"]
[EventType "swiss"]
[EventRounds "9"]
[EventCountry "ESP"]
[Source "lmi"]
[SourceDate "2015.11.30"]

1. d4 d5 2. c4 e6 3. Nc3 f5 4. cxd5 exd5 5. Nf3 c6 6. g3 Nf6 7. Bg2 Bd6 8. O-O
O-O 9. a3 Nbd7 10. Bg5 h6 11. Bf4 Qc7 12. Bxd6 Qxd6 13. Qc2 Ne4 14. e3 b6 15.
Rfd1 a5 16. Rac1 Bb7 17. a4 Rac8 18. Qb3 Rc7 19. Ne5 Nxc3 20. bxc3 Nxe5 21.
dxe5 Qxe5 22. Qxb6 Ra8 23. c4 Ra6 24. Qb3 dxc4 25. Rxc4 Qe6 26. Qc2 Rd7 27.
Rxd7 Qxd7 28. Rc5 g6 29. e4 fxe4 30. Bxe4 g5 31. Bf3 Qe6 32. Be2 Kg7 33. Qc3+
Kf8 34. Bxa6 Bxa6 35. Rxc6 Qe2 36. Qf6+ 1-0

[Event "17. Open de la Constitución 2015"]
[Site "San Sebastian de los Reyes ES"]
[Date "2015.12.01"]
[Round "2.16"]
[White "Fernandez Estremera, Fernando"]
[Black "Esquivias Gomez, Francisco J"]
[Result "0-1"]
[WhiteElo "1564"]
[BlackElo "2029"]
[PlyCount "96"]
[EventDate "2015.11.30"]
[EventType "swiss"]
[EventRounds "9"]
[EventCountry "ESP"]
[Source "lmi"]
[SourceDate "2015.11.30"]

1. d4 g6 2. c4 Bg7 3. Nc3 c5 4. Nf3 cxd4 5. Nxd4 Nc6 6. e3 Nf6 7. Nxc6 bxc6 8.
Qc2 O-O 9. Be2 Rb8 10. O-O d6 11. Qa4 Qc7 12. Bf3 Bd7 13. h3 Rfc8 14. Rd1 Be6
15. Rb1 Nd7 16. Be2 Bxc3 17. Qc2 Bg7 18. b4 a5 19. Bd2 axb4 20. Rxb4 Rxb4 21.
Bxb4 c5 22. Be1 Rb8 23. Qa4 Nb6 24. Qc2 Qa7 25. Rb1 Nd7 26. f4 Rxb1 27. Qxb1
Nb6 28. Qb3 Qa6 29. Bh4 Bf6 30. Bxf6 exf6 31. Qb2 Nd7 32. Qb3 Kg7 33. Qd3 Qxa2
34. Bf1 d5 35. cxd5 Qxd5 36. Qe2 Qe4 37. g4 Bd5 38. Bg2 Qxg2+ 39. Qxg2 Bxg2 40.
Kxg2 f5 41. gxf5 gxf5 42. Kf3 Nf6 43. Ke2 Ne4 44. h4 c4 45. Kd1 c3 46. Kc2 Kh6
47. Kd3 Kh5 48. Kc2 Kxh4 0-1

[Event "17. Open de la Constitución 2015"]
[Site "San Sebastian de los Reyes ES"]
[Date "2015.12.01"]
[Round "2.17"]
[White "Cortijo Manso, Luis"]
[Black "Gueler Berdasco, Martin"]
[Result "0-1"]
[WhiteElo "1505"]
[BlackElo "1901"]
[PlyCount "28"]
[EventDate "2015.11.30"]
[EventType "swiss"]
[EventRounds "9"]
[EventCountry "ESP"]
[Source "lmi"]
[SourceDate "2015.11.30"]

1. Nf3 Nf6 2. g3 g6 3. Bg2 Bg7 4. O-O O-O 5. c4 d5 6. cxd5 Nxd5 7. Nc3 e5 8.
Nxe5 Nxc3 9. Nxf7 Nxe2+ 10. Qxe2 Rxf7 11. Qb5 c6 12. Qb3 Qb6 13. Qa3 Bd4 14.
Bf3 Bh3 0-1

[Event "17. Open de la Constitución 2015"]
[Site "San Sebastian de los Reyes ES"]
[Date "2015.12.01"]
[Round "2.18"]
[White "Penas Merino, Ramona"]
[Black "Rodriguez Bernal, Herman"]
[Result "0-1"]
[WhiteElo "1406"]
[BlackElo "1773"]
[PlyCount "126"]
[EventDate "2015.11.30"]
[EventType "swiss"]
[EventRounds "9"]
[EventCountry "ESP"]
[Source "lmi"]
[SourceDate "2015.11.30"]

1. d4 d5 2. c4 dxc4 3. e3 Nf6 4. Bxc4 g6 5. Nf3 c6 6. Nc3 b5 7. Be2 Bg7 8. Bd2
Bb7 9. O-O O-O 10. Rc1 Nbd7 11. Qb3 Nb6 12. Bd3 a5 13. Ne4 a4 14. Qa3 Nxe4 15.
Bxe4 Nc4 16. Qc3 f5 17. Bd3 Qd5 18. Bxc4 bxc4 19. Qxc4 Qxc4 20. Rxc4 Ba6 21.
Rxc6 Bxf1 22. Kxf1 Rfc8 23. Rb6 Rab8 24. Rb4 Rxb4 25. Bxb4 Rc1+ 26. Ne1 e5 27.
d5 Rd1 28. d6 Bf8 29. Ke2 Rd5 30. Nf3 e4 31. Nd4 Bxd6 32. Bxd6 Rxd6 33. b3 axb3
34. axb3 Kf7 35. Kd2 Kf6 36. Ke2 g5 37. Kd2 h5 38. Ke2 Ra6 39. Kd2 Ra2+ 40. Ke1
Rb2 41. Kf1 Ke5 42. Ke1 f4 43. Kf1 Rb1+ 44. Ke2 fxe3 45. fxe3 g4 46. b4 Rh1 47.
b5 Kd6 48. Kf2 Kc5 49. Kg3 Rg1 50. Kf2 Rb1 51. Kg3 Rb2 52. Kh4 Rxg2 53. Kxh5
Rxh2+ 54. Kxg4 Rf2 55. Kg3 Rf6 56. Kg4 Kc4 57. Kg5 Rf8 58. Kg4 Kd3 59. Nf5 Rb8
60. Kf4 Rxb5 61. Nd6 Rb8 62. Nxe4 Rf8+ 63. Ke5 Re8+ 0-1

[Event "17. Open de la Constitución 2015"]
[Site "San Sebastian de los Reyes ES"]
[Date "2015.12.01"]
[Round "2.19"]
[White "Sirera Andres, Dario"]
[Black "Bartolome Martin, Angel"]
[Result "0-1"]
[WhiteElo "1360"]
[BlackElo "1749"]
[PlyCount "100"]
[EventDate "2015.11.30"]
[EventType "swiss"]
[EventRounds "9"]
[EventCountry "ESP"]
[Source "lmi"]
[SourceDate "2015.11.30"]

1. e4 c5 2. Nc3 a6 3. f4 b5 4. Nf3 Bb7 5. d3 e6 6. Ne2 d5 7. Ng3 Be7 8. Be2 h5
9. O-O h4 10. Nh1 dxe4 11. dxe4 Bxe4 12. Qxd8+ Bxd8 13. Be3 c4 14. Nf2 Bb7 15.
Rad1 Ne7 16. Rd2 Nf5 17. Ng4 Nxe3 18. Nxe3 Bb6 19. Kf2 Nd7 20. Rfd1 Nf6 21. Ne5
Ne4+ 22. Ke1 Nxd2 23. Kxd2 f6 24. Bf3 Bxf3 25. Nxf3 O-O-O+ 26. Ke2 Rxd1 27.
Nxd1 h3 28. g3 Kd7 29. Ne3 Kd6 30. c3 Ke7 31. f5 Bxe3 32. Kxe3 e5 33. Nh4 Rxh4
34. gxh4 Kd6 35. Ke4 Kc6 36. h5 Kd6 37. b4 cxb3 38. axb3 Kc5 39. Kd3 a5 40. c4
bxc4+ 41. bxc4 a4 42. Kc3 e4 43. Kd2 a3 44. Kc2 e3 45. Kb3 e2 46. Ka2 e1=Q 47.
Kxa3 Kxc4 48. Ka2 Qb4 49. Ka1 Kc3 50. Ka2 Qb2# 0-1

[Event "17. Open de la Constitución 2015"]
[Site "San Sebastian de los Reyes ES"]
[Date "2015.12.01"]
[Round "2.21"]
[White "Minguela Munoz, Bienvenido"]
[Black "Di Pietro Moreno, Fatima"]
[Result "1-0"]
[WhiteElo "1726"]
[BlackElo "1408"]
[PlyCount "67"]
[EventDate "2015.11.30"]
[EventType "swiss"]
[EventRounds "9"]
[EventCountry "ESP"]
[Source "lmi"]
[SourceDate "2015.11.30"]

1. d4 d5 2. c4 c6 3. e3 Nf6 4. Nc3 e6 5. Nf3 Nbd7 6. Bd3 dxc4 7. Bxc4 b5 8. Bb3
Bb7 9. O-O Bd6 10. e4 e5 11. d5 cxd5 12. Nxb5 Bc5 13. exd5 Qb6 14. Nc3 Ba6 15.
Na4 Qd6 16. Re1 e4 17. Ng5 h6 18. Nxe4 Nxe4 19. Rxe4+ Kf8 20. Bf4 Qf6 21. Qd2
g5 22. Be5 Nxe5 23. Nxc5 Bc8 24. Rae1 Ng6 25. d6 Bf5 26. g4 Nh4 27. R1e3 Bxg4
28. Rxg4 Nf3+ 29. Rxf3 Qxf3 30. Rg3 Qf5 31. Qd4 Kg8 32. d7 Kh7 33. Kg2 Rad8 34.
Rf3 1-0

[Event "17. Open de la Constitución 2015"]
[Site "San Sebastian de los Reyes ES"]
[Date "2015.12.01"]
[Round "2.22"]
[White "Medina Balenciaga, Patricio"]
[Black "Stefanescu, Iulian"]
[Result "1-0"]
[WhiteElo "1416"]
[BlackElo "1652"]
[PlyCount "69"]
[EventDate "2015.11.30"]
[EventType "swiss"]
[EventRounds "9"]
[EventCountry "ESP"]
[Source "lmi"]
[SourceDate "2015.11.30"]

1. e4 d5 2. exd5 Qxd5 3. Nc3 Qa5 4. d4 Bf5 5. Bd2 c6 6. Nf3 e6 7. Nh4 Bg6 8.
Be2 Qc7 9. g3 Be7 10. Nxg6 hxg6 11. Bf4 Bd6 12. Bxd6 Qxd6 13. Ne4 Qc7 14. Qd3
Nf6 15. Ng5 Qa5+ 16. Qd2 Qb6 17. O-O-O Nbd7 18. h4 a5 19. Qc3 Nd5 20. Qf3 N7f6
21. c4 Ne7 22. c5 Qc7 23. Qb3 Ned5 24. Bc4 Rb8 25. Qf3 b6 26. Bxd5 cxd5 27. Qc3
O-O 28. Rd3 bxc5 29. Qxc5 Qb7 30. Rb3 Qa6 31. Rxb8 Rxb8 32. Kb1 Qe2 33. Qc2 Qb5
34. Rc1 Ng4 35. Qc8+ 1-0

[Event "17. Open de la Constitución 2015"]
[Site "San Sebastian de los Reyes ES"]
[Date "2015.12.01"]
[Round "2.23"]
[White "Garcia Lopez, Fernando"]
[Black "Martin Rodriguez, Jose Luis"]
[Result "1-0"]
[WhiteElo "1644"]
[BlackElo "1379"]
[PlyCount "67"]
[EventDate "2015.11.30"]
[EventType "swiss"]
[EventRounds "9"]
[EventCountry "ESP"]
[Source "lmi"]
[SourceDate "2015.11.30"]

1. e4 e6 2. d4 d5 3. Nc3 Nf6 4. e5 Nfd7 5. f4 c5 6. Nf3 Nc6 7. Be3 cxd4 8. Nxd4
Bc5 9. Qd2 a6 10. Nxc6 bxc6 11. Be2 Bxe3 12. Qxe3 Qb6 13. Qxb6 Nxb6 14. Bd3 a5
15. a4 Ba6 16. Bxa6 Rxa6 17. b3 Ke7 18. Ne2 c5 19. Nc3 d4 20. Ne4 Nd5 21. g3
Rc6 22. h4 Rb8 23. Nd6 f6 24. Nc4 Ra6 25. Kd2 fxe5 26. Nxe5 Ne3 27. Rab1 Rab6
28. Kd3 Nf5 29. Rhg1 Ne3 30. Rbe1 Nd5 31. Nc4 Ra6 32. Re5 Rf8 33. Rge1 Rf6 34.
Rxd5 1-0

[Event "17. Open de la Constitución 2015"]
[Site "San Sebastian de los Reyes ES"]
[Date "2015.12.01"]
[Round "2.24"]
[White "Lozano Hernanz, Rodrigo"]
[Black "Martinez Miura, Enrique"]
[Result "0-1"]
[WhiteElo "1399"]
[BlackElo "1611"]
[PlyCount "64"]
[EventDate "2015.11.30"]
[EventType "swiss"]
[EventRounds "9"]
[EventCountry "ESP"]
[Source "lmi"]
[SourceDate "2015.11.30"]

1. e4 e6 2. d4 d5 3. e5 c5 4. c3 cxd4 5. cxd4 Nc6 6. Nf3 Nge7 7. Nc3 a6 8. Bf4
Nf5 9. Be2 Qb6 10. Be3 Nxe3 11. fxe3 Qxb2 12. Qc1 Ba3 13. O-O Qxc1 14. Raxc1
Bxc1 15. Rxc1 Bd7 16. Rf1 O-O 17. Bd3 h6 18. Ne2 Nb4 19. Bb1 Rac8 20. Ng3 Bb5
21. Rd1 Rc3 22. e4 Rfc8 23. a3 Rxa3 24. exd5 Nxd5 25. Ne4 Be2 26. Re1 Bxf3 27.
gxf3 Rxf3 28. Nd6 Rc7 29. Be4 Rfc3 30. Rf1 Rc1 31. Kg2 Ne3+ 32. Kf2 Nxf1 0-1

[Event "17. Open de la Constitución 2015"]
[Site "San Sebastian de los Reyes ES"]
[Date "2015.12.01"]
[Round "2.25"]
[White "Alfaya Martinez, Enrique"]
[Black "Asins Martin, Jose"]
[Result "0-1"]
[WhiteElo "1586"]
[BlackElo "1250"]
[PlyCount "74"]
[EventDate "2015.11.30"]
[EventType "swiss"]
[EventRounds "9"]
[EventCountry "ESP"]
[Source "lmi"]
[SourceDate "2015.11.30"]

1. d4 g6 2. Nf3 Bg7 3. Bf4 d6 4. e3 a6 5. Be2 b5 6. O-O Bb7 7. Nbd2 Nd7 8. a3
e5 9. Bg3 Ne7 10. h3 Nf5 11. c3 Nxg3 12. fxg3 O-O 13. g4 c5 14. Nb3 c4 15. Nc1
e4 16. Nd2 Bh6 17. b3 d5 18. bxc4 bxc4 19. Rb1 Bc8 20. Na2 a5 21. Qe1 Bxe3+ 22.
Kh1 Qg5 23. Rb2 Ra6 24. h4 Qe7 25. Qg3 Qxa3 26. Rfb1 Bxd4 27. Nxc4 dxc4 28.
Bxc4 Be5 29. Qe3 Qe7 30. g3 Rc6 31. Bd5 Rf6 32. Qxe4 Rd6 33. g5 Nc5 34. Qc4 Nd7
35. Re2 Ba6 36. Rxe5 Qxe5 37. Bxf7+ Rxf7 0-1

[Event "17. Open de la Constitución 2015"]
[Site "San Sebastian de los Reyes ES"]
[Date "2015.12.01"]
[Round "2.26"]
[White "Karunanithi, Bharath"]
[Black "Hernandez Ramos, Alberto"]
[Result "0-1"]
[WhiteElo "1247"]
[BlackElo "1578"]
[PlyCount "72"]
[EventDate "2015.11.30"]
[EventType "swiss"]
[EventRounds "9"]
[EventCountry "ESP"]
[Source "lmi"]
[SourceDate "2015.11.30"]

1. e4 e5 2. Nf3 Nc6 3. Bc4 Bc5 4. c3 Nf6 5. d4 exd4 6. O-O Nxe4 7. Re1 d5 8.
cxd4 Be7 9. Bd3 Nf6 10. Nc3 O-O 11. Bf4 Bg4 12. h3 Bh5 13. Bc2 Bxf3 14. gxf3
Qd7 15. Kh2 Bd6 16. Qd2 a6 17. Rg1 Rad8 18. Rae1 Bxf4+ 19. Qxf4 Qd6 20. Qxd6
Rxd6 21. Ne2 Re8 22. Rg2 g6 23. Bd3 Nxd4 24. Rgg1 Nxf3+ 25. Kh1 Nxe1 26. Rxe1
c5 27. Rd1 b5 28. b3 Rdd8 29. Nc3 c4 30. Bf1 d4 31. Nb1 c3 32. Bd3 b4 33. Rc1
a5 34. Kg2 Ne4 35. Kf3 Nc5 36. Bb5 Re7 0-1

[Event "17. Open de la Constitución 2015"]
[Site "San Sebastian de los Reyes ES"]
[Date "2015.12.01"]
[Round "2.27"]
[White "Alameda Arellano, Cristeto"]
[Black "Guillo Sanchez-Galiano, Ernesto"]
[Result "1-0"]
[WhiteElo "1545"]
[BlackElo "1201"]
[PlyCount "59"]
[EventDate "2015.11.30"]
[EventType "swiss"]
[EventRounds "9"]
[EventCountry "ESP"]
[Source "lmi"]
[SourceDate "2015.11.30"]

1. d4 d6 2. Nf3 Nf6 3. c4 g6 4. Nc3 Bg7 5. e4 O-O 6. Be2 b6 7. Qd3 c5 8. Be3
Bb7 9. O-O-O Nc6 10. d5 Nb8 11. Qd2 Ng4 12. h3 Nxe3 13. Qxe3 e6 14. h4 h5 15.
Ng5 Bc8 16. g4 hxg4 17. dxe6 Bxe6 18. Nxe6 fxe6 19. Bxg4 Re8 20. e5 Bxe5 21.
Qe4 Qf6 22. Rd3 Na6 23. Rf3 Qg7 24. Rg1 Kh8 25. Kb1 Nc7 26. Bh5 Rg8 27. Bxg6
Raf8 28. Rg5 Qxg6 29. Rxg6 Rxg6 30. Rxf8+ 1-0

[Event "17. Open de la Constitución 2015"]
[Site "San Sebastian de los Reyes ES"]
[Date "2015.12.02"]
[Round "3.1"]
[White "Lopez de Turiso, Jose Angel"]
[Black "Perez Mitjans, Orelvis"]
[Result "0-1"]
[WhiteElo "2034"]
[BlackElo "2478"]
[PlyCount "88"]
[EventDate "2015.11.30"]
[EventType "swiss"]
[EventRounds "9"]
[EventCountry "ESP"]
[Source "lmi"]
[SourceDate "2015.11.30"]

1. e4 e5 2. Nf3 Nc6 3. Bb5 Bc5 4. O-O Qf6 5. c3 Nge7 6. d3 a6 7. Bg5 Qg6 8. Ba4
b5 9. Bc2 h6 10. Be3 d6 11. b4 Ba7 12. a4 O-O 13. Nbd2 Bg4 14. axb5 axb5 15.
Bxa7 Nxa7 16. Ra6 Nac6 17. Qa1 Rab8 18. Bb3 Kh8 19. Bd5 Bd7 20. Rb1 f5 21. Rb2
fxe4 22. dxe4 Qh5 23. Bb3 Ng6 24. Bd1 Nf4 25. Ne1 Qg6 26. Bf3 Qf6 27. Nf1 g5
28. Qd1 Qg6 29. Ne3 h5 30. Nd5 g4 31. Nxf4 exf4 32. Be2 Qxe4 33. Bd3 Qe7 34.
Re2 Qg7 35. f3 Qxc3 36. Rxc6 Bxc6 37. Re7 Rbe8 38. Rh7+ Kg8 39. Nc2 Re5 40.
fxg4 Rfe8 41. Kf2 Be4 42. Bxe4 Rxe4 43. Qd5+ Kxh7 44. Qxh5+ Kg8 0-1

[Event "17. Open de la Constitución 2015"]
[Site "San Sebastian de los Reyes ES"]
[Date "2015.12.02"]
[Round "3.2"]
[White "Hernando Pertierra, Jose C"]
[Black "Vukotic Jovsic, Dragan"]
[Result "1-0"]
[WhiteElo "2374"]
[BlackElo "1943"]
[PlyCount "49"]
[EventDate "2015.11.30"]
[EventType "swiss"]
[EventRounds "9"]
[EventCountry "ESP"]
[Source "lmi"]
[SourceDate "2015.11.30"]

1. Nf3 c5 2. e3 g6 3. d4 Bg7 4. c4 Nf6 5. Nc3 O-O 6. Be2 d6 7. O-O b6 8. b3 Bb7
9. Bb2 Nbd7 10. d5 a6 11. Qd2 Bc8 12. Ng5 Ra7 13. f4 h6 14. Nf3 Ne8 15. e4 Qc7
16. Bd3 Ndf6 17. e5 dxe5 18. fxe5 Ng4 19. Rae1 Rb7 20. h3 Nxe5 21. Nxe5 Bxe5
22. Nb5 Bh2+ 23. Kh1 axb5 24. Qxh6 Nf6 25. Rxf6 1-0